00555nam a2200169 i 450000100060000000300090000600500170001500700030003200800410003510000370007624501210011326000480023430000210028249000240030383000240032785200340035134610ES-MaACL20230906154950.0t|030207s1978 sp ||||1| spa d1 aBlázquez Fernández, Enrique.10aDesarrollo ontogénico de los receptores de membrana para insulina y glucagón / cEnrique Blázquez Fernández. aMadrid : bFundación Juan March, c[1978] a42 p. ; c21 cm.1 aSerie universitaria0 aSerie universitaria aES-MaACLj2108-F-15 bR.98343